Marvel Cinematic Movies by Rotten Tomato Rating - Statistics

General Stats
  • This quiz has been taken 34 times
    23 since last reset
  • The average score is 10 of 20
Answer Stats
Ranking Tomatometer Rating Ranking % Correct
1st 97% Black Panther
95%
2nd 94% Iron Man
75%
3rd 92% The Avengers
75%
4th 92% Thor: Ragnarok
55%
6th 91% Captain America: Civil War
50%
15th 80% Captain America: The First Avenger
50%
18th 73% Iron Man 2
50%
14th 80% Iron Man 3
50%
19th 67% The Incredible Hulk
50%
20th 66% Thor: The Dark World
50%
13th 82% Ant-Man
45%
17th 75% Avengers: Age of Ultron
45%
11th 83% Avengers: Infinity War
45%
9th 89% Captain America: The Winter Soldier
45%
7th 91% Guardians of the Galaxy
45%
16th 77% Thor
45%
8th 89% Doctor Strange
40%
12th 83% Guardians of the Galaxy Vol. 2
40%
5th 92% Spider-Man: Homecoming
40%
10th 88% Ant Man and the Wasp
35%
No matching quizzes found
Score Distribution
Percent of People with Each Score
Percentile by Number Answered
Your Score History
You have not taken this quiz since the last reset